| 000 | 00556cam a2200205 4500 | ||
|---|---|---|---|
| 001 | D8051 | ||
| 008 | 090401t1973 xxu||||| |||| 00| 0 eng d | ||
| 035 | _a(Sirsi) u10979 | ||
| 041 | _aeng | ||
| 050 | _a692.3095363 | ||
| 110 |
_aQatar Ministry of Public Works _91815 |
||
| 245 | _aStandard method of measurement | ||
| 260 |
_aDohar _bQatar Ministry of Public Works Engineeri _c1973 |
||
| 300 | _a144p. 30cm | ||
| 350 | _a0 | ||
| 520 | _aFiled at SMM 1973/4B | ||
| 710 |
_aEngineering Services Department _91816 |
||
| 942 | _n0 | ||
| 948 | _c04/03/1997 | ||
| 999 |
_c86791 _d86791 |
||